| 000 | 00370nam a2200133Ia 4500 | ||
|---|---|---|---|
| 008 | 230222s9999||||xx |||||||||||||| ||und|| | ||
| 020 | _a0-13-140060-6 | ||
| 040 | _cChuka University Library | ||
| 050 |
_aQA 152.3 _bT85 2001 |
||
| 100 |
_aTussy Allan S,R david Gustafson _97059 |
||
| 245 | 0 | _aElementary Algebra | |
| 260 |
_aPearson Education _bBoston _c2001 |
||
| 942 | _cBK | ||
| 999 |
_c11917 _d11917 |
||